000 00436nam a2200145 4500
001 137557
003 ES-MaACL
007 t|
008 070214s1984 sp r ||||1| spa d
100 1 _aSánchez Cerezo, Sergio.
_9102543
245 1 0 _aDiccionario de las ciencias de la educación /
_cSergio Sánchez Cerezo.
260 _aMadrid :
_bSantillana,
_c1984.
300 _a2 v. :
_bil. ;
_c27 cm.
852 _aES-MaACL
_jL-7568-9
_bR.108390
999 _c137557
_d137557